Tài liệu hướng dẫn thực hiện Công ước Ramsar : Hướng dẫn thực hiện Công ước về các vùng đất ngập nước (Ramsar, Iran, 1971)

Công ước Ramsar từ năm 1989. Nhằm thúc đẩy tiến trình thực hiện Công ước, góp phần vào công cuộc bảotồn đa dạng sinh học và phát triển bền vững đất ngập nước Việt Nam,Cục Bảo vệ môi trường, Bộ Tài nguyên và Môi trường tổ chức dịch và phát hành...

Full beskrivning

Sparad:
Bibliografiska uppgifter
Övriga upphovsmän: Ban Thư ký Công ước Ramsar
Språk:Undetermined
Publicerad: 2006
Ämnen:
Taggar: Lägg till en tagg
Inga taggar, Lägg till första taggen!
Thư viện lưu trữ: Trung tâm Học liệu Trường Đại học Trà Vinh
LEADER 01006nam a2200205Ia 4500
001 TVU_5621
008 210423s9999 xx 000 0 und d
041 |a Vie 
082 |a 577.69 
082 |b C506 
245 0 |a Tài liệu hướng dẫn thực hiện Công ước Ramsar : 
245 0 |b Hướng dẫn thực hiện Công ước về các vùng đất ngập nước (Ramsar, Iran, 1971) 
245 0 |c Ban Thư ký Công ước Ramsar 
260 |c 2006 
300 |a 141 tr. 
300 |c 30 cm 
520 |a Công ước Ramsar từ năm 1989. Nhằm thúc đẩy tiến trình thực hiện Công ước, góp phần vào công cuộc bảotồn đa dạng sinh học và phát triển bền vững đất ngập nước Việt Nam,Cục Bảo vệ môi trường, Bộ Tài nguyên và Môi trường tổ chức dịch và phát hành 
650 |a Công ước Ramsar; Điều lệ quy định 
700 |a Ban Thư ký Công ước Ramsar 
980 |a Trung tâm Học liệu Trường Đại học Trà Vinh